000 00520nam a2200181 a 4500
001 7151
003 CO-ViMGA
008 141112s2004 ck r 000 u spa d
040 _aCO-ViMGA
_bspa
_cCO-ViMGA
082 0 4 _a350.71 C177i
100 1 _aCarry Rodríguez, Jorge Alirio
_96266
245 1 0 _aEl control interno en el municipio moderno
260 _aMedellín :
_bBiblioteca Jurídica Dike,
_c1995
300 _a284 p : il
650 1 4 _aADMINISTRACION PUBLICA
_951587
650 1 4 _aCONTROL INTERNO
942 _2ddc
_cBK
999 _c19116
_d19116